Poradím si so slovenčinou 4. triedy ZŠ

Bibliographic Details
Main Authors: Hirková, Jana (Author), Hrabková, Viera (Author)
Format: Book
Language:Slovak
PhysicalDescription:96 s. 21 cm
Published: Praha Pierot [2010?]
ISBN:9788073531478
Series:Poradím si
Subjects:

MARC

LEADER 00000nam a2200000 a 4500
001 vtls010282776
003 SK-MaSNL
005 20260302045246.0
008 240318s2010 xr b 000 0 slo
015 |a SNBZSA2012-00518 
020 |a 9788073531478  |q (brož.) 
035 |a A70C49D2-9270-48A5-BC2D-BBEEC5039C2B 
035 |a urn:nbn:sk:snk-aml2qs 
035 |a urn:nbn:sk:snk-am008loo 
040 |a SNK  |b slo  |c SNK  |e AACR2 
041 0 |a slo 
044 |a xr  |c CZ 
072 7 |a 811.162.4  |x Slovenčina  |2 konspekt 
072 7 |a 37.016  |x Učebné osnovy. Vyučovacie predmety. Učebnice  |2 konspekt 
080 |a 811.162.4  |x (076.3)  |2 2001 
080 |a 373.3.016  |2 2001 
100 1 |a Hirková, Jana  |4 aut  |9 336336 
245 1 0 |a Poradím si so slovenčinou 4. triedy ZŠ  |c [Jana Hirková, Viera Hrabková a kol. autorov] 
246 1 1 |a Poradím si so slovenčinou 4 
260 |a Praha  |b Pierot  |c [2010?] 
300 |a 96 s.  |c 21 cm 
490 1 |a Poradím si 
650 0 7 |a slovenčina  |2 snkph  |9 1350 
650 0 7 |a učivo základných škôl  |2 snkph  |9 63300 
655 7 |a diktáty a cvičenia  |2 snkph  |9 70566 
700 1 |a Hrabková, Viera  |4 aut  |9 434035 
830 0 |a Poradím si  |9 330868 
919 |a 978-80-7353-147-8 
958 |a ZS 
958 |a CZ 
999 |c 1092979  |d 1094909 
952 |a SNK  |b SNK  |y PREZ  |7 0  |p 17A0707642  |o snkSC 146127  |i snk2011/15394  |8 2  |g 2.88  |0 0  |1 0  |4 0  |d 2011-06-01  |f 1  |l 0  |r 2025-07-15 00:00:00  |w 2026-02-24